000 01862nam a2200421 i 4500
001 768714001
003 CO-MdFUSB
005 20220523112912.0
007 ta
007 cr aa aaaaa
008 110907t2006 sp g 000 0 spa d
020 _a9788482674681
_qimpreso
020 _a9788482676869
_qelectrónico
040 _aCAP
_cCO-MdFUSB
_dUtOrBLW
_bspa
_erda
041 _aspa
082 _224
_aG 230
_bZ22t
100 1 _aZaldivar, Raul.
_eautor
245 1 0 _aTeología sistemática
_b: desde una perspectiva latinoamericana
_c/ Raúl Zaldívar ; prólogo por Emilio Antonio Núñez.
_h[físico y electrónico]
264 1 _aViladecavalls (Barcelona) :
_bEditorial CLIE,
_c[2006].
264 4 _c©2006
300 _a593 páginas ;
_c23 cm.
336 _2rdacontent.
_atexto
_btxt
337 _2rdamedia.
_asin mediación
_bn
337 _2rdamedia.
_ainformático
_bc
338 _2rdacarrier.
_avolumen
_bnc
338 _2rdacarrier.
_aremoto
_bcr
505 _aIntroducción al estudio de la teología -- Historia del pensamiento teológico latinoamericano -- Bibliología -- Teología propia -- Angeleología -- Antropología -- Hamarteología -- Soteriología -- Eclesiología -- Escatología -- Cristología -- Neumatología .
506 _aPréstamo en biblioteca del libro físico
506 _aSolicitar clave y usuario para acceder al libro electrónico.
506 _aLibro multiusuario.
650 0 _aTeología doctrinal
_9691
_zAmérica Latina
700 1 _aNunez, Emilio Antonio.
_eprologuista
856 _b2168433
_uhttp://search.ebscohost.com/login.aspx?direct=true&scope=site&db=nlebk&db=nlabk&AN=2168433
_zAbrir Versión electrónica del libro Teología sistemática : desde una perspectiva latinoamericana
942 _cBK
945 _aJTF-925
999 _c64898
_d64898